000 00597nam a2200205 a 4500
001 51108
003 BD-RjUL
005 20211209075618.0
008 160829s1961 nyua 000 0 eng
035 _a(BD-RjUL)51228
040 _aDLC
_cDLC
_dDLC
_beng
041 _aeng
082 0 0 _223
_a510.76
_bMEF 1961
100 1 _aMeyer, Jerome S.
_q(Jerome Sydney),
_d1895-1975.
_9152887
245 1 0 _aFun with mathematics /
_cJerome S.Meyer.
260 _aNew York :
_bWorld Pub. Co.,
_c1961.
300 _aviii, 176 p. :
_bill. ;
_c25 cm.
650 0 _aMathematical recreations.
_9152402
942 _2ddc
_cBK
999 _c51108
_d51108